Directorio regional de unidades de información para el desarrollo

সংরক্ষণ করুন:
গ্রন্থ-পঞ্জীর বিবরন
সংস্থা লেখক: CEPAL. CLADES
বিন্যাস: পাঠ‍্য
প্রকাশিত: Santiago de Chile: CEPAL. CLADES
ট্যাগগুলো: ট্যাগ যুক্ত করুন
কোনো ট্যাগ নেই, প্রথমজন হিসাবে ট্যাগ করুন!

MARC

LEADER 00000 a a2200000 04500
001 22222
003
040
090 |a 150700  
110 |a CEPAL. CLADES  
245 |a Directorio regional de unidades de información para el desarrollo  
260 |a Santiago de Chile:   |b CEPAL. CLADES  
300 |a 169 p.; vol. III  
999 |c 14524  |d 14524